01189cam a2200253 a 450000100090000000300040000900500170001300800410003001000170007102000150008804000180010304200100012104300120013105000200014308200200016310000280018324500590021126000440027030000260031450000410034050504620038165000450084365100470088813961054OSt20210414114236.0050511s2003 gh b 000 0 eng  a 2005326297 a9988611099 aDLCcDLCdDLC alcode af-gh---00aDT512.9.N67M34 00a305.80096672221 aMahama, Ibrahim,d1936-10aEthnic conflicts in northern Ghana. /cIbrahim Mahama. aTamale, Ghana :bCyber Systems,cc2003. aviii, 262 p.:c24 cm. aIncludes bibliographical references  aContents: Introduction: conditions of the war -- The petition for paramount stool -- The war,the conflict in nanun,and conflict in east gonja -- The search for peace and military solution -- Peace in trouble and the nairobi peace initiative -- Konkomba land claims -- Konkomba under dagomba rule,konkomba non-claim to land in nanun and konkomba aboriginal claims -- Loss/damage and re-integration,re-integration and rehabilitation and Conclusion and noryda  0aSocial conflictzGhanazNorthern Region. 0aNorthern Region (Ghana)xEthnic relations.